000 00588nam a22002297a 4500
999 _c326611
_d326611
001 40470
003 UA-OsUOA
005 20200225091142.0
007 ta
008 20060808b un ||||| |||| 00| 0 ukr d
040 _aUA-OsUOA
_bukr
_cUA-OsUOA
_dUA-OsUOA
041 _aukr
080 _a235.3
090 _a235.3
100 _aІларіон
245 _aКирило й Методій: апостоли всесловянські
260 _aВінніпег
_c1963
300 _a15 с.
650 7 _a2 Релігія. Теологія.
_2UDC
942 _cBR
_2udc
955 _a2